Catálogo
 En Linea

Juana de Asbaje : (Registro nro. 21237)

Detalles MARC
000 -CABECERA
campo de control de longitud fija 00727nam a2200205 a 4500
001 - NÚMERO DE CONTROL
campo de control 000021738
005 - FECHA Y HORA DE LA ÚLTIMA TRANSACCIÓN
campo de control 20200930011429.0
008 - DATOS DE LONGITUD FIJA--INFORMACIÓN GENERAL
campo de control de longitud fija 100910s1994 mx a r 000 |bspa d
020 ## - NÚMERO INTERNACIONAL ESTÁNDAR DEL LIBRO
Número Internacional Estándar del Libro 9682972574
040 ## - FUENTE DE LA CATALOGACIÓN
Centro catalogador/agencia de origen DO-SdBNP
Lengua de catalogación spa
Centro/agencia transcriptor BNPHU
082 ## - NÚMERO DE LA CLASIFICACIÓN DECIMAL DEWEY
Número de clasificación 928.72
Número de documento/Ítem A799N
049 ## - FONDOS LOCALES (OCLC)
Fondos de biblioteca BNGR
100 1# - ENTRADA PRINCIPAL--NOMBRE DE PERSONA
Nombre de persona Nervo, Amado
9 (RLIN) 12590
245 10 - MENCIÓN DE TÍTULO
Título Juana de Asbaje :
Resto del título contribución al centenario de la independencia de México /
Mención de responsabilidad, etc. Amado Nervo;introduccion y edición, Antonio Alatorre.
260 ## - PUBLICACIÓN, DISTRIBUCIÓN, ETC.
Lugar de publicación, distribución, etc. México D. F. :
Nombre del editor, distribuidor, etc. Consejo Nacional para la Cultura y las Artes.
300 ## - DESCRIPCIÓN FÍSICA
Extensión 194 p. :
Otras características físicas il ;
Dimensiones 21 cm.
500 ## - NOTA GENERAL
Nota general Incluye notas al pie de páginas
600 10 - PUNTO DE ACCESO ADICIONAL DE MATERIA--NOMBRE DE PERSONA
Nombre de persona ASBAJE, JUANA, DE
Fechas asociadas al nombre 1651-1695
9 (RLIN) 45183
700 1# - PUNTO DE ACCESO ADICIONAL--NOMBRE DE PERSONA
Nombre de persona Alatorre, Antonio
Término indicativo de función/relación ed.
9 (RLIN) 45184
Existencias
Estado de retiro Estado de pérdida Restricciones de uso No para préstamo Código de colección Localización permanente Ubicación/localización actual Ubicación en estantería Fecha de adquisición Número de inventario Total de préstamos Signatura topográfica completa Código de barras Fecha visto por última vez Precio válido a partir de Tipo de ítem Koha
      Excluido de préstamo Monografías: Libros y Folletos General General En catalogación 10.09.2010 LF1   928.72 A799N 21738-10 25.06.2020 25.06.2020 No se presta

Con tecnología Koha